| 000 | 00459nam a2200169Ia 4500 | ||
|---|---|---|---|
| 008 | 230917s9999||||xx |||||||||||||| ||und|| | ||
| 020 | _cRS400 | ||
| 040 |
_e250812 _aMAIN |
||
| 041 | _aEnglish | ||
| 082 | _aB N315M | ||
| 100 | _aNehru, Jawaharlal | ||
| 245 | 0 | _aMeri kahani: Ek yashivi jeevan ki gatha | |
| 260 |
_aNew Delhi _bSasta Sahitya Mandal _c2014 |
||
| 300 | _a728 p. | ||
| 500 | _a3312 22/10/2018 HBD18/7518 22/10/2018 Main Budget | ||
| 942 | _cBK | ||
| 999 |
_c28745 _d28745 |
||